00608nam a2200181Ia 4500008004100000020001800041041000800059082001500067100002400082245007700106250001200183260003300195300001000228365000700238650002900245952013500274999001700409251210s2025 xx 000 0 und d a9788131269237 aeng a610.73 HAR aHarding, Mariann M. aLewis's Adult health nursing , Vol. 1 : With intergrated pathophysiology a1st ed. aPhiladelphiabElesiverc2025 a1341p cRS aMedical Surgical nursing 00104070aCNbCNcR7S18d2025-10-28eCBS publishers and distributorsg1613.00l0o610.73 HARpCN5909r2025-12-10w2025-12-10yCR c64202d64202